000 00426nam a2200145Ia 4500
008 220803s9999 xx 000 0 und d
020 _a81-7993-093-9
041 _aeng
082 _a720.47 KIS
100 _aKishore V V N (ed)
_919739
245 _aRenewable energy engineering and technology : a knowledge compendium
260 _aNew Delhi
_bTeri Pub.
_c2008
300 _a925p
650 _aEnvironmental Architecture
_919740
999 _c13400
_d13400